China: star-rated hotel guide, 1998-1999
Guardat en:
| Format: | Llibre |
|---|---|
| Idioma: | anglès xinès |
| Publicat: |
Beijing
Overseas Offices of China National Tourism Administration
1999
|
| Matèries: | |
| Etiquetes: |
Afegir etiqueta
Sense etiquetes, Sigues el primer a etiquetar aquest registre!
|
MARC
| LEADER | 00000nam a2200000 a 4500 | ||
|---|---|---|---|
| 001 | UCL4787 | ||
| 003 | CL-VaPUC | ||
| 008 | 040227e19990000CH |||||||||||||||||eng|d | ||
| 041 | 0 | 7 | |a eng |2 CL-VaPUC |
| 041 | 0 | 7 | |a chi |2 CL-VaPUC |
| 082 | 0 | 4 | |a 646.92 |b CHI |2 21 |
| 245 | 1 | 0 | |a China: star-rated hotel guide, 1998-1999 |
| 300 | |a 328 p | ||
| 942 | |c BK | ||
| 945 | |d 20040227 00:00:00 |a cmena | ||
| 260 | |a Beijing |b Overseas Offices of China National Tourism Administration |c 1999 | ||
| 650 | 0 | |a Hoteles |9 360285 | |
| 650 | 7 | |a GUIAS TURISTICAS |2 CL-VaPUC |9 346990 | |
| 651 | 0 | |a China |9 257545 | |
| 583 | |a last modification |c 20040227 00:00:00 |k Rodrigo Vera | ||
| 999 | |c 307556 |d 307554 | ||
| 952 | |0 0 |1 0 |4 0 |6 646_920000000000000_CHI_1999 |7 0 |8 A |9 373574 |a BIBGIM |b BIBGIM |d 2019-11-21 |i 3972003 |o 646.92 CHI 1999 |p 3972003 |r 2025-01-15 |w 2019-11-21 |y BK |k ORI | ||